Ботаника. Т. 4: Систематика высших растений (Запись № 1343180)

Подробности
000 -МАРКЕР
контрольное поле 02257nam2a2200349 4500
001 - ИДЕНТИФИКАТОР ЗАПИСИ
контрольное поле RU\NLR\bibl\1429177
005 - ИДЕНТИФИКАТОР ВЕРСИИ
контрольное поле 20260405165905.0
010 ## - МЕЖДУНАРОДНЫЙ СТАНДАРТНЫЙ НОМЕР КНИГИ (ISBN)
Номер (ISBN) 978-5-7695-5684-5
010 ## - МЕЖДУНАРОДНЫЙ СТАНДАРТНЫЙ НОМЕР КНИГИ (ISBN)
Номер (ISBN) 978-5-7965-5683-8
Уточнения т. 4
Тираж 2500
021 ## - НОМЕР ГОСУДАРСТВЕННОЙ РЕГИСТРАЦИИ
Код страны российская федерация
Номер 2009-68103
Номер Листа государственной регистраци 4205
035 ## - ДРУГИЕ СИСТЕМНЫЕ НОМЕРА
Идентификатор записи (NLR Aleph) 001421095
100 ## - ДАННЫЕ ОБЩЕЙ ОБРАБОТКИ
Данные общей обработки 20091022d2009 |||y0rusy50 ca
101 0# - ЯЗЫК РЕСУРСА
Язык текста, звукозаписи и т.д. русский
102 ## - СТРАНА ПУБЛИКАЦИИ ИЛИ ПРОИЗВОДСТВА
Страна публикации российская федерация
105 ## - ПОЛЕ КОДИРОВАННЫХ ДАННЫХ: ТЕКСТОВЫЕ МАТЕРИАЛЫ, МОНОГРАФИЧЕСКИЕ
Кодированные данные о монографическом текстовом документе y |||||||||
200 1# - ЗАГЛАВИЕ И СВЕДЕНИЯ ОБ ОТВЕТСТВЕННОСТИ
Основное заглавие Систематика высших растений
Сведения, относящиеся к заглавию учебник для студентов высших учебных заведений, обучающихся по направлению "Биология" и биологическим специальностям
-- в 2 кн.
Обозначение и номер части кн. 2
Первые сведения об ответственности А.К. Тимонин, Д.Д. Соколов, А.Б. Шипунов
Последующие сведения об ответственности под ред. проф. А.К. Тимонина
210 ## - ПУБЛИКАЦИЯ, РАСПРОСТРАНЕНИЕ И ДР.
Дата издания, распространения и т.д. 2009
Место издания, распространения и т.д. Б. м.
215 ## - ФИЗИЧЕСКАЯ ХАРАКТЕРИСТИКА
Специфическое обозначение материала и объем 350, [1] с.
Другие сведения о физической характеристике ил.
461 #0 - УРОВЕНЬ НАБОРА
Встроенное поле 001RU\NLR\bibl\1040108
-- 2001#$aБотаника$vТ. 4
Системный номер (АБИС) связанной записи 737610
Автор Белякова, Г. А.
Место публикации Москва
Дата публикации 2006
Первые сведения об ответственности Г.А. Белякова, Ю.Т. Дьяков, К.Л. Тарасов
Имя издателя, распространителя и т.д. Академия
Сведения, относящиеся к заглавию учебник для студентов, обучающихся по направлению подготовки бакалавров, специалистов и магистров 020200 "Биология" : в 4 т.
Заглавие Ботаника
ISBN 5-7695-2730-7
Номер тома Т. 4
606 1# - НАИМЕНОВАНИЕ ТЕМЫ КАК ПРЕДМЕТ
Наименование темы Высшие растения
Формальный подзаголовок Учебники для высших учебных заведений
Тематический подзаголовок Систематика
Системный номер авторитетной/нормативной записи 2580002
Идентификатор авторитетной/нормативной записи RU\NLR\auth\661525263
686 ## - ИНДЕКСЫ ДРУГИХ КЛАССИФИКАЦИЙ
Индекс Е592я73-1
701 #1 - ИМЯ ЛИЦА - АЛЬТЕРНАТИВНАЯ ОТВЕТСТВЕННОСТЬ
Код отношения Редактор
Графика поля Кириллица
Материалы, к которым относится поле rus
Начальный элемент ввода Тимонин
Часть имени, кроме начального элемента ввода А. К.
Дополнения к именам, кроме дат д-р биол. наук
Даты 1958-
Расширение инициалов личного имени Александр Константинович
Системный номер авторитетной/нормативной записи 181422
Идентификатор авторитетной/нормативной записи RU\NLR\AUTH\770181473
701 #1 - ИМЯ ЛИЦА - АЛЬТЕРНАТИВНАЯ ОТВЕТСТВЕННОСТЬ
Код отношения Автор
Материалы, к которым относится поле rus
Графика поля Кириллица
Начальный элемент ввода Соколов
Часть имени, кроме начального элемента ввода Д. Д.
Дополнения к именам, кроме дат д-р биол. наук
Даты 1973-
Расширение инициалов личного имени Дмитрий Дмитриевич
Идентификатор авторитетной/нормативной записи RU\NLR\auth\7745139
Системный номер авторитетной/нормативной записи 28078
701 #1 - ИМЯ ЛИЦА - АЛЬТЕРНАТИВНАЯ ОТВЕТСТВЕННОСТЬ
Код отношения Автор
Материалы, к которым относится поле rus
Графика поля Кириллица
Начальный элемент ввода Шипунов
Часть имени, кроме начального элемента ввода А. Б.
Даты 1965-2022
Расширение инициалов личного имени Алексей Борисович
Идентификатор авторитетной/нормативной записи RU\NLR\AUTH\7771759
Системный номер авторитетной/нормативной записи 54687
801 #0 - ИСТОЧНИК ЗАПИСИ
Страна российская федерация
Организация NLR
Дата составления 20091022
Правила каталогизации RCR
801 #1 - ИСТОЧНИК ЗАПИСИ
Страна российская федерация
Организация NLR
Дата составления 20091022
830 ## - ОБЩЕЕ ПРИМЕЧАНИЕ, СОСТАВЛЕННОЕ КАТАЛОГИЗАТОРОМ
Текст примечания авт. раскрыты в кн.
942 ## - ДОПОЛНИТЕЛЬНЫЕ ЭЛЕМЕНТЫ ЗАПИСИ (АБИС)
Тип экземпляра АБИС Книга
980 ## - КОЛЛЕКЦИЯ
Название коллекции Национальная библиография
Экземпляры
Тип экземпляра Дата поступления Источник поступления Библиотека постоянного хранения Библиотека текущего хранения Место хранения Шифр хранения Штрих-код Статус не для выдачи
Книга 22.10.2009 Обязательный экземпляр РНБ (Московский) РНБ (Московский) Русский книжный фонд: издания с 1957 года, 9этаж 2007-7/317 1-3848213  
Книга 22.10.2009 Обязательный экземпляр РНБ (Московский) РНБ (Московский) Русский книжный фонд: издания с 1957 года, 9этаж 2007-7/317 3023414